| 000 | 01245cas a22002891 4500 | ||
|---|---|---|---|
| 001 | 0000021414 | ||
| 005 | 20151217161201.0 | ||
| 008 | 120425c xxur p 0 0eng d | ||
| 022 | _a2079-1739 | ||
| 040 |
_aKABU _cKABU |
||
| 245 | 0 | 4 | _aThe East Africa Protectorate law reports. |
| 260 |
_aNairobi : _bLawAfrica Publishing., _c1934-. |
||
| 300 | _av. | ||
| 500 | _aReprint 2010. | ||
| 650 | 0 |
_aLaw reports, digests, etc _xPeriodicals. _zAfrica, East. _@0000160858 |
|
| 650 | 0 |
_aPeriodicals _vDirectories. _@0000156691 |
|
| 650 | 0 |
_aLaw reports, digest, etc _zKenya. _@0000178456 |
|
| 710 | 2 |
_aCourt of Appeal for Eastern Africa. _@0000160859 |
|
| 852 | 1 | _9p40000 KES (set of 6) | |
| 852 | 1 | _9p40000 KES (set of 6) | |
| 852 | 1 | _9p40000 KES (set of 6) | |
| 852 | 1 | _9p40000 KES (set of 6) | |
| 852 | 1 | _9p40000 KES (set of 6) | |
| 852 | 1 | _9p40000 KES (set of 6) | |
| 908 | _a120425 | ||
| 950 | _@1 | ||
| 999 |
_c15268 _d15268 |
||